1062 1674 1618 1037 1634 1456 1884 1885 1254 1359 1727 1157 1988 1375 1003 1446 1038 1503 1193 1322 1865 1495 1886 1969 1417 1581 1888 1864 1203 1928 1744 1274 1493 1437 1317 1514 1538 1930 1389 1564 1225 1950 1882 1988 1050 1292 1288 1577 1343 1468 1774 1843 1991 1735 1670 1184 1443 1008 1947 1410 1912 1792 1269 1982 1382 1273 1431 1467 1887 1800 1501 1451 1118 1268 1455 1061 1380 1566 1220 1261 1997 1758 1649 1848 1428 1091 1633 1873 1001 1816 1819 1823 1730 1848 1937 1553 1643 1359 1537 BCNSPRNW ULIB Ver.6.0+V

เปลี่ยนเป็นภาษาไทย

Change to English
 แสดงรายละเอียดบรรณานุกรม
  กลับหน้าหลัก

Brief Record : Get Marc (ISO 2709) : E-mail record : QR code < ปิดหน้าต่าง
LEADER : 00000nam 2200000uu 4500
001    13399126143
003     ULIB
008    180612s2017||||th 000 0 tha d
020    ^a9781316637869
050 00 ^aPE1128^bC172^cV.12
245 10 ^aCambridge practice tests for IELTS 12
260    ^aCambridge :^bCambridge University Press,^c2017
300    ^a136 p.:^bill. ;^c25 cm.
650 00 ^aInternational English Language Testing System.
650 00 ^aEnglish language^xExaminations, questions, etc.
650 00 ^aEnglish language^xTextbooks for foreign speakers
945    ^p530^l0^i004239
999    ^aวรรณษา ชูชัยมงคล
รายการนี้ยังไม่มีแท็ก
คุณยังไม่ได้ล็อกอิน คุณสามารถมีกิจกรรมร่วมกับเว็บไซต์ได้ แต่ต้องล็อกอินก่อน ::
  ล็อกอิน

รายการสื่อสารสนเทศ

ลำดับที่ ประเภท เลขเรียก/บาร์โค้ด สถานที่ สถานะ
1. วิทยาศาสตร์การแพทย์ และสุขภาพ
หนังสือสำรอง
สถานะ=หนังสือสำรอง
PE1128 C172 V.12 ฉ.1 
  Barcode: 004239
ห้องสมุดวิทยาเขตสวรรค์ประชารักษ์
►หนังสือทั่วไป
ถูกยืม กำหนดส่งวันที่ 30 มกราคม 2569
  จอง

รายการใกล้เคียง
    ชื่อเรื่อง [Cambridge practice tests for IELTS 12]

    หัวเรื่อง [International English Language Testing System.]

BibComment


ยังไม่เคยถูกคอมเมนท์

คอมเมนท์ทรัพยากรรายการนี้
  คอมเมนท์: Cambridge practi..


 Copyright 2026. Bcnsprnw @Library